Tunnista 2. ms ase - Statistics

Yleistilastot
  • Tätä visaa on pelattu 19 kertaa
  • Keskiarvotulos 5 / 13
Vastaustilastot
Kuvavisa Vastaus % Oikein
Luger
71%
Panzerfaust
71%
MP 40
57%
Suomi KP
57%
Colt m1911
50%
MG 42
50%
STG 44
43%
M1 Carbine
36%
M1 Garand
36%
Kar 98k
21%
Gewehr 43
14%
Ruby
14%
Thompson M1A1
14%
Ehtoja vastaavia visoja ei löytynyt
Tulosjakauma
Jokaisen tuloksen saaneiden osuus
Persentiili vastausten määrän mukaan
Tuloshistoriasi
Et ole pelannut tätä visaa